ALL human hormones - Statistics

General Stats
  • This quiz has been taken 142 times
  • The average score is 10 of 126
Answer Stats
Answer % Correct
Adrenaline
64%
Insulin
60%
Growth hormone
51%
Oxytocin
47%
Dopamine
44%
Glucagon
43%
Follicle stimulating hormone
41%
Antidiuretic hormone
40%
Noradrenaline
40%
Melatonin
36%
Thyroid stimulating hormone
36%
Prolactin
26%
Thyroxine
26%
Calcitonin
24%
Luteinizing hormone
23%
Gastrin
20%
Ghrelin
20%
Gonadotropin releasing hormone
19%
Growth hormone releasing hormone
17%
Leptin
17%
Renin
17%
Corticotropin releasing hormone
16%
Adrenocorticotropic hormone
15%
Angiotensin
15%
Parathyroid hormone
15%
Secretin
15%
Somatostatin
15%
Thyrotropin releasing hormone
15%
Human chorionic gonadotropin
14%
Triiodothyronine
13%
Cholecystokinin
11%
Inhibin
10%
Atrial natriuretic peptide
9%
Erythropoietin
9%
Melanocyte stimulating hormone
9%
Orexin
9%
Prolactin releasing hormone
9%
Relaxin
8%
Insulin-like growth factor
7%
Lipotropin
7%
Prostaglandins
6%
Enkephalin
6%
Glucagon-like peptide
6%
Motilin
6%
Amylin
5%
Anti-Müllerian hormone
5%
Human placental lactogen
5%
Uroguanylin
5%
Brain natriuretic peptide
3%
Leukotrienes
3%
Osteocalcin
3%
Prostacyclin
3%
Retention of water
3%
Thrombopoietin
3%
Thromboxane
3%
Vasoactive intestinal peptide
3%
ACTH release
2%
Adiponectin
2%
Breast milk release, vaginal contraction
2%
Cortistatin
2%
FSH, LH release
2%
GH release
2%
Guanylin
2%
Hepcidin
2%
Pancreatic polypeptide
2%
Prolactin release
2%
Sleep-wake cycle
2%
TSH, prolactin release
2%
Wakefulness
2%
Appetite
1%
Endothelin
1%
Fight-or-flight reaction
1%
Galanin
1%
Glucose intake
1%
Ovulation/testosterone production
1%
Vasodilation
1%
Action potential inhibition
0%
Bicarbonate secretion
0%
Ca2+ bone construction
0%
Corpus luteum maintenance
0%
Corticosteroid synthesis
0%
Decrease of appetite
0%
Depression of neuronal activity
0%
Digestion inhibition
0%
Erythrocyte production
0%
ECL cell stimulation
0%
Fatty acid and glucose regulation
0%
FSH production inhibition
0%
Gastric acid secretion
0%
Gastric activity stimulation
0%
Gastric inhibitory polypeptide
0%
GH, TRH, gut hormones release inhibition
0%
Glycogenolysis, gluconeogenesis
0%
Graafian follicle maturation/spermatogenesis
0%
Growth and cell reproduction
0%
Heart contractility, vasodilation
0%
Increased metabolism
0%
Insulin, IGF production
0%
Insulin-like effects
0%
Insulin secretion
0%
Insulin synthesis and release
0%
Intestinal water transport regulation
0%
Iron export inhibition
0%
Lipolysis
0%
Melanogenesis
0%
Milk production
0%
Muscle function
0%
PAC activating peptide
0%
Pain regulation
0%
Pancreatic secretion regulation
0%
Platelet production
0%
Prolactin and TRH release inhibition
0%
Prolactin release inhibition
0%
RAS activation
0%
Reducing blood pressure
0%
Release of bile, pancreatic enzymes
0%
Release of Ca2+ from bone
0%
Renal water transport regulation
0%
Smooth muscle contraction
0%
Sodium excretion increase
0%
T3, T4 secretion
0%
Unclear
0%
Vascular permeability increase
0%
Vasoconstriction, aldosterone release
0%
Vasoconstriction, platelet aggregation
0%
Vasodilation, platelet inhibition
0%
No matching quizzes found
Score Distribution
Percent of People with Each Score
Percentile by Number Answered
Your Score History
You have not taken this quiz